000 00751nas a2200241 4500
001 BR9100609
003 BR-BrBNA
005 20231205091918.0
007 ta
008 230509b bl.|||p| |||| 00| 00por d
040 _aBR-BrBNA
_bpor
_cBiblioteca Nacional de Agricultura
041 _a(Pt)
072 _aQ70; E50
100 1 _aPereira Neto, J.T.
245 1 _aCompostagem: uma solucao de baixo custo e alta eficiencia no tratamento de residuos solidos organicos.
650 _aRESIDUO SOLIDO
650 _aTRATAMENTO
650 _aSAUDE PUBLICA
650 _aSANEAMENTO RURAL
773 0 _tSeiva (Brazil)
_xISSN 0037-1122
_g(Jan-Dec 1988), v. 48(98) p. 21-25
_wBR9100609
909 _a202311
_bLúcia
_c55
_dLúcia Elande
942 _2AGRIS
_n0
_cANA
999 _c128104
_d128104